Statistics for Muse Lyrics - Plug In Baby

Click here to take the quiz!

General Stats

  • This quiz has been taken 34 times
  • The average score is 69 of 91

Answer Stats

Answer% Correct
baby
100%
baby
100%
baby
100%
baby
100%
baby
100%
baby
100%
my
97%
my
97%
my
97%
my
97%
my
97%
my
97%
in
93%
in
93%
in
93%
in
93%
in
93%
in
93%
plug
93%
plug
93%
plug
93%
plug
93%
enemies
90%
enemies
90%
your
90%
your
90%
your
90%
your
90%
your
90%
I've
87%
to
87%
to
87%
and
83%
and
83%
and
83%
crucifies
83%
crucifies
83%
for
83%
lies
83%
no
83%
exposed
80%
forget
80%
forget
80%
the
80%
the
80%
of
77%
of
77%
of
77%
surprise
77%
tired
77%
tired
77%
tired
77%
tired
77%
when
77%
when
77%
im
73%
im
73%
time
73%
big
70%
it's
70%
love
70%
love
70%
changing
67%
don't
67%
everything
67%
giving
67%
giving
67%
living
67%
living
67%
now
67%
confuse
63%
gonna
63%
lose
63%
change
60%
game
60%
realities
60%
realities
60%
own
57%
virgin
57%
virgin
57%
is
53%
is
53%
unbroken
53%
unbroken
53%
me
50%
cleansing
43%
underneaths
43%
but
37%
envying
33%
replace
33%
tof
0%

Score Distribution

Percentile by Number Answered

Percent of People with Each Score

Your Score History

You have not taken this quiz